000 00275 a2200121 4500
001 155149
040 _cEscola São Tomás de Aquino
100 _aFISCHER, Ricardo. A.
240 1 0 _aO corpo humano
_lpor
245 1 0 _aO corpo humano
697 _aGENERALIDADES
942 _cBK
999 _c155149
_d155149